[Event "Kavala op 26th"]
[Site "Kavala"]
[Date "2017.07.28"]
[Round "1"]
[White "Malikentzos, Sotirios"]
[Black "Zisiadis, Dimitrios"]
[Result "1/2-1/2"]
[WhiteElo "2440"]
[BlackElo "2095"]
[PlyCount "115"]
[EventDate "2017.07.28"]
[EventType "swiss"]
[EventRounds "9"]
[EventCountry "GRE"]
[SourceTitle "CBM 179 Extra"]
[Source "ChessBase"]
[SourceDate "2017.08.23"]
[SourceVersion "1"]
[SourceVersionDate "2017.08.23"]
[SourceQuality "1"]

1. Nf3 Nf6 2. c4 d6 3. g3 g6 4. Bg2 Bg7 5. 0-0 0-0 6. Nc3 Nc6 7. d4 Bf5 8. b3 Ne4 9. Nd5 Nf6 10. Nxf6+ Bxf6 11. Bh6 Re8 12. d5 Ne5 13. Nxe5 Bxe5 14. e4 Bd7 15. Rc1 c5 16. dxc6 Bxc6 17. f4 Bf6 18. Qe2 Qb6+ 19. Kh1 Qc5 20. f5 a5 21. h4 Kh8 22. Kh2 a4 23. Be3 Qa3 24. fxg6 hxg6 25. Qd3 Qxa2 26. b4 Qb3 27. Qd2 Qb2 28. Rc2 Qe5 29. b5 Bd7 30. Bf4 Qd4 31. Qe2 Be6 32. Be3 Qe5 33. Rd2 Qc3 34. Rxf6 exf6 35. Qf2 Kh7 36. Bd4 Qxc4 37. Rc2 Qxb5 38. Qxf6 Rg8 39. Rc7 Qb3 40. Qf4 a3 41. Rc3 Qb4 42. Qf6 a2 43. Rc1 Qd2 44. Rf1 Ra3 45. Ba1 Qh6 46. Qe7 g5 47. Rf6 Qh5 48. e5 gxh4 49. Be4+ Kh8 50. Rh6+ Qxh6 51. exd6+ f6 52. Bxf6+ Rg7 53. Bxg7+ Qxg7 54. Qd8+ Bg8 55. Qxh4+ Bh7 56. Qd8+ Bg8 57. Qh4+ Bh7 58. Qd8+ 1/2-1/2

[Event "GRE-chT 45th"]
[Site "Achaia"]
[Date "2017.07.05"]
[Round "4.2"]
[White "Spyropoulos, Nikolaos"]
[Black "Zisiadis, Dimitrios"]
[Result "1/2-1/2"]
[WhiteElo "2160"]
[BlackElo "2095"]
[PlyCount "111"]
[EventDate "2017.07.03"]
[EventType "team-swiss"]
[EventRounds "7"]
[EventCountry "GRE"]
[SourceTitle "CBM 179 Extra"]
[Source "ChessBase"]
[SourceDate "2017.08.23"]
[SourceVersion "1"]
[SourceVersionDate "2017.08.23"]
[SourceQuality "1"]
[WhiteTeam "Three Stars 89"]
[BlackTeam "Kavalas CN"]
[WhiteTeamCountry "GRE"]
[BlackTeamCountry "GRE"]

1. e4 c5 2. Nf3 g6 3. d4 cxd4 4. Nxd4 Bg7 5. c4 Nc6 6. Be3 Nf6 7. Nc3 Ng4 8. Qxg4 Nxd4 9. Qd1 Ne6 10. Rc1 Qa5 11. Qd2 b6 12. Be2 Bb7 13. f3 g5 14. b3 Qe5 15. 0-0 h5 16. Nb5 Bc6 17. Rcd1 Bxb5 18. cxb5 d6 19. Bc4 Bf6 20. Bd5 Rc8 21. Bc6+ Kf8 22. Qf2 Rg8 23. Rd5 Qb2 24. Qxb2 Bxb2 25. Rf2 Be5 26. g3 h4 27. Rg2 h3 28. Rc2 Nf4 29. Rdd2 Ng2 30. Bf2 Rg6 31. Bd5 Rxc2 32. Rxc2 Rf6 33. Bc4 Rxf3 34. Bf1 Ne3 35. Rc8+ Kg7 36. Be2 Rxf2 37. Kxf2 Bd4 38. Bf1 g4 39. Bd3 Ng2+ 40. Kf1 Ne3+ 41. Ke1 Ng2+ 42. Kd2 Be3+ 43. Kc3 Ne1 44. Be2 Nf3 45. Bxf3 gxf3 46. Kd3 Bg1 47. Rc1 f2 48. Ke2 Kf6 49. Rc7 e6 50. Rxa7 d5 51. exd5 exd5 52. Rb7 d4 53. Rxb6+ Ke7 54. Rb7+ Ke6 55. Rb6+ Ke7 56. Rb7+ 1/2-1/2

[Event "GRE-ch U16"]
[Site "Kavala"]
[Date "2016.01.07"]
[Round "8"]
[White "Zisiadis, Dimitrios"]
[Black "Giannoulakis, Labros"]
[Result "0-1"]
[WhiteElo "2111"]
[BlackElo "2272"]
[PlyCount "86"]
[EventDate "2016.01.02"]
[EventType "swiss"]
[EventRounds "9"]
[EventCountry "GRE"]
[SourceTitle "EXT 2024"]
[Source "ChessBase"]
[SourceDate "2023.10.10"]
[SourceVersion "1"]
[SourceVersionDate "2023.10.10"]
[SourceQuality "1"]

1. d4 Nf6 2. c4 Nc6 3. Nf3 d6 4. g3 g6 5. Bg2 Bg7 6. 0-0 0-0 7. Nc3 a6 8. h3 Bf5 9. Re1 Ne4 10. Nh4 Nxc3 11. bxc3 Bd7 12. e4 Na5 13. Qd3 c5 14. Be3 Qc8 15. Rac1 Be6 16. d5 Bxh3 17. f4 Bxg2 18. Kxg2 Qd7 19. Nf3 Qa4 20. Nd2 b5 21. cxb5 axb5 22. e5 Nc4 23. Nxc4 bxc4 24. Qe4 Qxa2+ 25. Bf2 Rfb8 26. Re2 Rb2 27. Rce1 Rab8 28. Qf3 Rxe2 29. Rxe2 Qb1 30. Re4 Qc1 31. Re1 Qc2 32. Re2 Qa4 33. Qe4 Qb3 34. Qf3 Ra8 35. g4 Ra1 36. exd6 exd6 37. Re8+ Bf8 38. Qh3 Qd1 39. Qf3 Qh1+ 40. Kg3 Qxf3+ 41. Kxf3 Rd1 42. Bh4 f6 43. Re6 Rxd5 0-1

[Event "Paleochora op 8th"]
[Site "Paleochora"]
[Date "2015.07.18"]
[Round "2"]
[White "Zisiadis, Dimitrios"]
[Black "Skembris, Spyridon"]
[Result "1/2-1/2"]
[WhiteElo "2005"]
[BlackElo "2422"]
[PlyCount "76"]
[EventDate "2015.07.17"]
[EventType "swiss"]
[EventRounds "9"]
[EventCountry "GRE"]
[SourceTitle "CBM 167 Extra"]
[Source "ChessBase"]
[SourceDate "2015.09.14"]
[SourceVersion "1"]
[SourceVersionDate "2015.09.14"]
[SourceQuality "1"]

1. d4 Nf6 2. Nf3 c5 3. c4 cxd4 4. Nxd4 Nc6 5. g3 g6 6. Bg2 Bg7 7. Nc3 0-0 8. 0-0 Qb6 9. Nb3 d6 10. Be3 Qb4 11. Rc1 Qxc4 12. Nd5 Qa4 13. Rxc6 Nxd5 14. Rxc8 Raxc8 15. Bxd5 Qxa2 16. Bd4 Qa4 17. Bxg7 Kxg7 18. Qd3 Qb4 19. Ra1 e6 20. Bf3 a6 21. h4 h5 22. Kg2 Rc7 23. Rd1 Rfc8 24. Qe3 a5 25. Nd4 Qxb2 26. Qg5 Qa2 27. e4 f6 28. Qe3 Rc3 29. Qe1 a4 30. Rb1 e5 31. Rxb7+ R3c7 32. Rxc7+ Rxc7 33. Qa5 Qc4 34. Ne6+ Qxe6 35. Qxc7+ Kh6 36. Be2 f5 37. Qc1+ Kg7 38. Qc7+ Kh6 1/2-1/2

[Event "GRE-ch U16"]
[Site "Rio Achaia"]
[Date "2015.06.29"]
[Round "6.4"]
[White "Zisiadis, Dimitrios"]
[Black "Drakoulakos, Grigorios"]
[Result "0-1"]
[WhiteElo "2005"]
[BlackElo "2250"]
[PlyCount "100"]
[EventDate "2015.06.26"]
[EventType "swiss"]
[EventRounds "9"]
[EventCountry "GRE"]
[SourceTitle "EXT 2024"]
[Source "ChessBase"]
[SourceDate "2023.10.10"]
[SourceVersion "1"]
[SourceVersionDate "2023.10.10"]
[SourceQuality "1"]

1. d4 Nf6 2. c4 e6 3. g3 c5 4. Nf3 cxd4 5. Nxd4 d5 6. Bg2 e5 7. Nc2 d4 8. f4 Nc6 9. fxe5 Nxe5 10. Nxd4 Bc5 11. Nb3 Qe7 12. Nc3 Nxc4 13. Nxc5 Qxc5 14. Qb3 0-0 15. Ne4 Nxe4 16. Bxe4 Re8 17. Bd3 Ne5 18. Bb5 Be6 19. Be3 Nf3+ 20. Kf2 Nd4 21. Qd3 Qxb5 22. Qxd4 Red8 23. a4 Qb3 24. Qc3 Qd5 25. Qc5 Qe4 26. Rad1 Bh3 27. Rxd8+ Rxd8 28. Rg1 Rd5 29. Qxa7 Rf5+ 30. Bf4 g5 31. Qe3 Qxe3+ 32. Kxe3 gxf4+ 33. gxf4+ Kf8 34. Rg3 Rh5 35. Kd4 Bd7 36. Rg2 Bxa4 37. e4 Bc6 38. Re2 Ke7 39. b4 Rh4 40. Rf2 Rg4 41. Ke5 Rg1 42. f5 f6+ 43. Kd4 Rd1+ 44. Kc5 Re1 45. b5 Rc1+ 46. Kb6 Rb1 47. Rf4 Rxb5+ 48. Kc7 Kf7 49. Rh4 Kg7 50. Rg4+ Kh8 0-1

[Event "GRE-ch U16"]
[Site "Rio Achaia"]
[Date "2015.06.27"]
[Round "3.4"]
[White "Zisiadis, Dimitrios"]
[Black "Kouskoutis, Georgios Alexandros"]
[Result "1/2-1/2"]
[WhiteElo "2005"]
[BlackElo "2058"]
[PlyCount "104"]
[EventDate "2015.06.26"]
[EventType "swiss"]
[EventRounds "9"]
[EventCountry "GRE"]
[SourceTitle "EXT 2024"]
[Source "ChessBase"]
[SourceDate "2023.10.10"]
[SourceVersion "1"]
[SourceVersionDate "2023.10.10"]
[SourceQuality "1"]

1. d4 Nf6 2. c4 e6 3. g3 d5 4. Bg2 Bb4+ 5. Nd2 0-0 6. Ngf3 dxc4 7. Qc2 b5 8. a4 c6 9. axb5 cxb5 10. Ng5 h6 11. h4 g6 12. Nxf7 Rxf7 13. Bxa8 Rg7 14. Bg2 Qxd4 15. 0-0 Kh7 16. Nf3 Qd8 17. Rd1 Qf8 18. Bf4 Nc6 19. Qc1 Rd7 20. Rxd7+ Bxd7 21. Bd2 Be7 22. Be3 a5 23. Nd4 Nxd4 24. Bxd4 a4 25. Qd2 Bc8 26. Bc6 Bd7 27. Bf3 Be8 28. Qe3 Qf7 29. Bc5 Kg7 30. Rd1 h5 31. Qe5 Bxc5 32. Qxc5 Kh7 33. Rd4 Kg7 34. Rf4 Qd7 35. Qe5 Qe7 36. Rd4 Kf7 37. e3 Bd7 38. Qc7 Be8 39. Qb6 e5 40. Bd5+ Kg7 41. Rd1 Kh6 42. Bb7 b4 43. Rd6 a3 44. bxa3 bxa3 45. Rd1 Ba4 46. Rc1 Bb3 47. Ba6 a2 48. Qa5 Qe6 49. Qa3 Kg7 50. Bb5 Kf7 51. Qa7+ Qe7 52. Qa5 Qe6 1/2-1/2

[Event "GRE-chT 42nd"]
[Site "Porto Rio"]
[Date "2014.06.30"]
[Round "4.9"]
[White "Zisiadis, Dimitrios"]
[Black "Nikolaou, Spiridon"]
[Result "1/2-1/2"]
[WhiteElo "1882"]
[BlackElo "1865"]
[PlyCount "68"]
[EventDate "2014.06.28"]
[EventType "team-swiss"]
[EventRounds "7"]
[EventCountry "GRE"]
[SourceTitle "CBM 161 Extra"]
[Source "ChessBase"]
[SourceDate "2014.08.29"]
[SourceVersion "1"]
[SourceVersionDate "2014.08.29"]
[SourceQuality "1"]
[WhiteTeam "Kavalas CN"]
[BlackTeam "Panionios GS"]
[WhiteTeamCountry "GRE"]
[BlackTeamCountry "GRE"]

1. d4 Nf6 2. c4 e6 3. g3 Bb4+ 4. Nd2 0-0 5. Ngf3 d5 6. Qc2 dxc4 7. Qxc4 Be7 8. Bg2 Nbd7 9. 0-0 Rb8 10. Nb3 a6 11. Bf4 Nd5 12. e4 Nxf4 13. gxf4 b5 14. Qc2 f5 15. Ne5 Nxe5 16. fxe5 Bb7 17. f4 Qd7 18. Rad1 Bxe4 19. Bxe4 fxe4 20. Qxe4 Rbd8 21. Na5 c5 22. Nc6 Qb7 23. d5 Rxd5 24. Rxd5 exd5 25. Qxd5+ Kh8 26. Qe6 Re8 27. Rd1 c4 28. Nxe7 Qf3 29. Ng6+ hxg6 30. Qxe8+ Kh7 31. Qd7 Qe3+ 32. Kg2 Qe2+ 33. Kg3 Qe3+ 34. Kg2 Qe2+ 1/2-1/2

[Event "EU School-ch U15"]
[Site "Kavala"]
[Date "2014.06.26"]
[Round "9"]
[White "Bunyatov, Rustam Faiq"]
[Black "Zisiadis, Dimitrios"]
[Result "1/2-1/2"]
[WhiteElo "2003"]
[BlackElo "1882"]
[PlyCount "92"]
[EventDate "2014.06.17"]
[EventType "swiss"]
[EventRounds "9"]
[EventCountry "GRE"]
[SourceTitle "EXT 2024"]
[Source "ChessBase"]
[SourceDate "2023.10.10"]
[SourceVersion "1"]
[SourceVersionDate "2023.10.10"]
[SourceQuality "1"]

1. d4 d5 2. Bf4 c5 3. e3 Nc6 4. c3 Nf6 5. Nd2 Bf5 6. Ngf3 e6 7. Be2 Bd6 8. Bxd6 Qxd6 9. 0-0 0-0 10. Nh4 b6 11. f4 cxd4 12. exd4 Be4 13. Qe1 Ne7 14. g4 Ng6 15. Nxg6 Bxg6 16. g5 Ne4 17. Nxe4 Bxe4 18. Bf3 Bf5 19. Qe5 Qc6 20. Qe2 b5 21. Bg4 Rfe8 22. Rae1 Be4 23. Bf3 Bg6 24. h4 Qc4 25. Qxc4 bxc4 26. Rf2 Red8 27. Ree2 Rab8 28. Bg4 Bd3 29. Rd2 g6 30. h5 Kf8 31. hxg6 hxg6 32. Rh2 Ke7 33. Bd1 Rh8 34. Rxh8 Rxh8 35. Rh2 Rb8 36. Bf3 Bb1 37. a3 Bd3 38. Rf2 Kd6 39. Bd1 Be4 40. Rh2 Bd3 41. Ba4 Ke7 42. Bd1 Be4 43. Kf1 a6 44. Bg4 Rf8 45. Rh7 Rb8 46. Rh2 a5 1/2-1/2

[Event "EU School-ch U15"]
[Site "Kavala"]
[Date "2014.06.20"]
[Round "4"]
[White "Nizamov, Bulat"]
[Black "Zisiadis, Dimitrios"]
[Result "1-0"]
[WhiteElo "2011"]
[BlackElo "1882"]
[PlyCount "59"]
[EventDate "2014.06.17"]
[EventType "swiss"]
[EventRounds "9"]
[EventCountry "GRE"]
[SourceTitle "EXT 2024"]
[Source "ChessBase"]
[SourceDate "2023.10.10"]
[SourceVersion "1"]
[SourceVersionDate "2023.10.10"]
[SourceQuality "1"]

1. d4 d5 2. c4 c6 3. Nf3 Nf6 4. Nc3 e6 5. Bg5 Nbd7 6. e3 Be7 7. Bd3 dxc4 8. Bxc4 b5 9. Bd3 a6 10. a4 Bb7 11. 0-0 0-0 12. Qb1 h6 13. Bh4 Rc8 14. b4 a5 15. bxa5 Qxa5 16. Ne4 b4 17. Nfd2 g5 18. Bg3 Nxe4 19. Bxe4 Ba6 20. Rc1 c5 21. Nb3 Qb6 22. dxc5 Nxc5 23. Bh7+ Kg7 24. Be5+ Bf6 25. a5 Qb5 26. Nd4 Qb7 27. Rxc5 Rxc5 28. Nxe6+ fxe6 29. Qg6+ Kh8 30. Bxf6+ 1-0

[Event "GRE-ch U18"]
[Site "Thessaloniki"]
[Date "2014.01.08"]
[Round "9"]
[White "Zisiadis, Dimitrios"]
[Black "Tetepoulidis, Ioannis"]
[Result "1/2-1/2"]
[WhiteElo "1871"]
[BlackElo "1694"]
[PlyCount "108"]
[EventDate "2014.01.02"]
[EventType "swiss"]
[EventRounds "9"]
[EventCountry "GRE"]
[SourceTitle "EXT 2017"]
[Source "ChessBase"]
[SourceDate "2016.10.25"]
[SourceVersion "1"]
[SourceVersionDate "2016.10.25"]
[SourceQuality "1"]

1. d4 Nf6 2. c4 c5 3. Nf3 cxd4 4. Nxd4 e5 5. Nc2 d5 6. cxd5 Qxd5 7. Nc3 Qxd1+ 8. Nxd1 Nc6 9. g3 Be6 10. Bg2 Nb4 11. Nce3 0-0-0 12. a3 Nc6 13. Bxc6 bxc6 14. Bd2 Kb7 15. Rc1 Ne4 16. Bc3 f6 17. Ba5 Rd7 18. b4 Be7 19. Nb2 Nd6 20. f3 Rc8 21. Kf2 Nb5 22. Nbc4 Nd6 23. Rhd1 Nxc4 24. Nxc4 Rd5 25. e4 Rd4 26. Ne3 Bb3 27. Rxd4 exd4 28. Nf5 Re8 29. Nxd4 Ba4 30. h4 g6 31. Ke3 Bd6 32. f4 Rc8 33. Ne6 Re8 34. Nc5+ Bxc5+ 35. bxc5 Kc8 36. Rc4 Bb3 37. Rd4 f5 38. e5 Bd5 39. Rb4 Re7 40. Kd4 Re6 41. Rb2 h5 42. Bc3 Re7 43. a4 Rb7 44. Rxb7 Kxb7 45. e6 Bxe6 46. Ke5 Bd5 47. Kf6 Bf3 48. Kxg6 Bg4 49. Kf6 Bh3 50. Ke6 Bg4 51. Kd6 Bh3 52. Bf6 Bg4 53. Bd8 Bf3 54. a5 a6 1/2-1/2

[Event "Wch U14"]
[Site "Al Ain"]
[Date "2013.12.28"]
[Round "11"]
[White "Patrascu, Catalin Lucian"]
[Black "Zisiadis, Dimitrios"]
[Result "1/2-1/2"]
[WhiteElo "2033"]
[BlackElo "1827"]
[PlyCount "48"]
[EventDate "2013.12.18"]
[EventType "swiss"]
[EventRounds "11"]
[EventCountry "UAE"]
[SourceTitle "CBM 158 Extra"]
[Source "ChessBase"]
[SourceDate "2014.02.28"]
[SourceVersion "1"]
[SourceVersionDate "2014.02.28"]
[SourceQuality "1"]

1. e4 c5 2. Nf3 e6 3. d4 cxd4 4. Nxd4 a6 5. Bd3 Bc5 6. Nb3 Ba7 7. Qe2 Nc6 8. Be3 d6 9. N1d2 Nf6 10. 0-0-0 b5 11. f4 e5 12. f5 h5 13. h3 h4 14. Bxa7 Rxa7 15. Nf3 Qb6 16. Rhe1 Rc7 17. Kb1 Bb7 18. Nc1 Ke7 19. Qd2 Nd4 20. Nxd4 Qxd4 21. Qg5 Qb4 22. Qxg7 Rg8 23. Qh6 Rxg2 24. Qxh4 d5 1/2-1/2